Henderson the rain king / Saul Bellow
Novela de aventura cómica, gira en torno a Eugene Henderson, un millonario hombre de mediana edad, a pesar de su riqueza, este hombre se siente infeliz e insatisfecho espiritualmente, por lo que decide emprender un viaje al continente africano, en donde se verá expuesto a singulares situaciones, que...
Shranjeno v:
| Glavni avtor: | |
|---|---|
| Format: | Knjiga |
| Jezik: | Undetermined |
| Izdano: |
New York, Estados Unidos
A Fawcett Crest Book
1965
|
| Teme: | |
| Oznake: |
Označite
Brez oznak, prvi označite!
|
MARC
| LEADER | 00000nam a2200000Ia 4500 | ||
|---|---|---|---|
| 008 | 170316s9999 xx 000 0 und d | ||
| 040 | |a cru BVZT | ||
| 090 | |a 810 B-8h | ||
| 100 | |a Bellow, Saul | ||
| 245 | |a Henderson the rain king / Saul Bellow | ||
| 260 | |a New York, Estados Unidos |b A Fawcett Crest Book |c 1965 | ||
| 300 | |a 286 páginas | ||
| 520 | |a Novela de aventura cómica, gira en torno a Eugene Henderson, un millonario hombre de mediana edad, a pesar de su riqueza, este hombre se siente infeliz e insatisfecho espiritualmente, por lo que decide emprender un viaje al continente africano, en donde se verá expuesto a singulares situaciones, que lo pondrán a prueba tanto física como mentalmente, con el fin de poder encontrar su satisfacción espiritual. La obra escrita en 1959 por Saul Bellow, trata temas filosóficos y psicológicos que atraparan al lector de principio a fin con una narración humorística. | ||
| 650 | 0 | |a LITERATURA ESTADOUNIDENSE |9 25 | |
| 650 | 0 | |a NOVELA |9 13 | |
| 650 | 0 | |a CIENCIA FICCIÓN |9 117 | |
| 650 | 0 | |a EN IDIOMA INGLÉS |9 129 | |
| 999 | |c 5469 |d 5469 | ||
| 942 | |c 15 D |h 810 B-8h |2 z | ||
